000
00182nam a22000977a 4500
082
_a
823
100
_a
ENID BLYTON
245
_a
15 MINUTE TALES
650
_a
ENGLISH STORY
942
_c
BK
999
_c
8492
_d
8492